Strzelcy bramek w 7 kolejce Premier League w sezonie 2020/21 - Statystyki

Ogólne statystyki
  • Ten quiz został rozwiązany 34 razy
  • Średni wynik to 12 z 30
Statystyki odpowiedzi
Mecz Piłkarz % Poprawnych
Liverpool - West Ham 1:1 Salah
88%
Burnley - Chelsea 0:3 Werner
82%
Tottenham - Brighton 1:0 Kane
79%
Leeds - Leicester 1:3 Vardy
79%
Liverpool - West Ham 2:1 Jota
67%
Manchester United - Arsenal 0:1 Aubameyang
64%
Aston Villa - Southampton 0:4 Ings
61%
Aston Villa - Southampton 3:4 Grealish
55%
Leeds - Leicester 0:1 Barnes
45%
Burnley - Chelsea 0:1 Ziyech
45%
Newcastle - Everton 2:1 Calvert-Lewin
42%
Leeds - Leicester 0:2 Tielemans
42%
Leeds - Leicester 1:4 Tielemans
42%
Burnley - Chelsea 0:2 Zouma
42%
Aston Villa - Southampton 2:4 Watkins
39%
Tottenham - Brighton 2:1 Bale
36%
Aston Villa - Southampton 0:2 Ward-Prowse
33%
Aston Villa - Southampton 0:3 Ward-Prowse
33%
Newcastle - Everton 1:0 Wilson
33%
Newcastle - Everton 2:0 Wilson
33%
Liverpool - West Ham 0:1 Fornals
30%
Wolves - Crystal Palace 2:0 Podence
30%
Sheffield Utd - Manchester City 0:1 Walker
30%
Leeds - Leicester 1:2 Dallas
21%
Aston Villa - Southampton 0:1 Vestergaard
21%
Aston Villa - Southampton 1:4 Mings
18%
Wolves - Crystal Palace 1:0 Ait Nouri
12%
Tottenham - Brighton 1:1 Lamptey
12%
Fulham - West Brom 2:0 Aina
9%
Fulham - West Brom 1:0 Reid
6%
Nie znaleziono quizów pasujących do podanych kryteriów
Rozkład punktacji
Procent ludzi z każdym wynikiem
Percentyl według liczby udzielonych odpowiedzi
Twoja historia wyników
Nie rozwiązałeś tego quizu